000 00779nam a2200229 i 4500
001 124716
003 ES-MaACL
005 20250715063112.0
007 t|
008 070418s1918 sp ||||1| spa d
080 _a821.134.2-23"18"
100 1 _aRamos Carrión, Miguel,
_d1848-1915
_995293
245 1 3 _aEl noveno mandamiento
_b: comedia en tres actos y en prosa /
_coriginal de Miguel Ramos Carrión.
260 _a[Madrid :
_bLa Novela Teatral,
_c1918]
300 _a16 h. ;
_c20 cm.
490 1 _aLa novela teatral ;
_v84
500 _aEn la cub. caricatura de Rosario Leonís por Tovar.
700 0 _aTovar
_c, ilustrador.
_9157378
830 0 _aLa novela teatral ;
_v84
_9122427
852 _aES-MaACL
_j2214-F-49
_bR.138719
999 _c124716
_d124716